[Event "SRB Team Chmp 2008"]
[Site "Subotica"]
[Date "2008.09.12"]
[Round "11.2"]
[White "Solak, Dragan"]
[Black "Sedlak, Nikola"]
[Result "1/2-1/2"]
[WhiteElo "2596"]
[BlackElo "2576"]
[PlyCount "120"]
[EventDate "2008.09.01"]

1. e4 g6 2. c4 Bg7 3. Nc3 d6 4. g3 Nc6 5. Bg2 f5 6. Nge2 Nf6 7. exf5 Bxf5 8. d4
O-O 9. h3 e5 10. O-O Qc8 11. d5 Nd4 12. Nxd4 exd4 13. Nb5 Bxh3 14. Nxd4 Qd7 15.
Bg5 Kh8 16. Bxf6 Bxf6 17. Bxh3 Qxh3 18. Ne6 Be5 19. Ng5 Qf5 20. Qd2 Qg4 21.
Rae1 Rf5 22. Ne4 Raf8 23. Re3 Kg8 24. f3 Qh3 25. Qh2 Qxh2+ 26. Kxh2 Bxb2 27.
Rb3 Be5 28. Kg2 b6 29. f4 h6 30. Rbf3 Bd4 31. g4 R5f7 32. f5 Kg7 33. fxg6 Rxf3
34. Rxf3 Re8 35. Rf4 Be3 36. Rf7+ Kxg6 37. Rf6+ Kg7 38. Re6 Rxe6 39. dxe6 Bg5
40. Kf3 Be7 41. Kf4 Kg6 42. Ng3 Kf6 43. Nf5 Kxe6 44. Nxh6 d5 45. cxd5+ Kxd5 46.
Nf5 Ba3 47. Ne3+ Kc5 48. g5 Bb2 49. Kf5 b5 50. Ng4 Bh8 51. Nf6 Kd6 52. g6 c5
53. Ne8+ Kd5 54. Nc7+ Kc6 55. Ne6 Kd6 56. g7 Bxg7 57. Nxg7 Kd5 58. Kf4 Kc4 59.
Ne6 Kb4 60. Ke3 a5 1/2-1/2

[Event "SRB Team Chmp 2008"]
[Site "Subotica"]
[Date "2008.09.12"]
[Round "11.2"]
[White "Markus, Robert"]
[Black "Djukic, Nikola"]
[Result "1-0"]
[WhiteElo "2572"]
[BlackElo "2545"]
[PlyCount "115"]
[EventDate "2008.09.01"]

1. Nf3 Nf6 2. g3 g6 3. Bg2 Bg7 4. O-O O-O 5. c4 c5 6. Nc3 d5 7. cxd5 Nxd5 8.
Ng5 e6 9. d3 b6 10. Nxd5 exd5 11. Nh3 Nc6 12. Nf4 Ne7 13. Rb1 Bb7 14. b4 cxb4
15. Rxb4 Rc8 16. Bb2 Qd6 17. Bxg7 Kxg7 18. Qa1+ Kg8 19. Rbb1 Rc7 20. a4 Rc5 21.
Qa3 Rd8 22. Rfc1 Rxc1+ 23. Qxc1 Rc8 24. Qb2 Rc5 25. Qa3 Qc7 26. h4 Rc3 27. Rb3
Rxb3 28. Qxb3 Qc1+ 29. Kh2 Qc5 30. e3 Bc6 31. Qb2 Qd6 32. Qd4 Nf5 33. Qa1 h6
34. Kg1 Ne7 35. Qd4 Nf5 36. Qc3 Ne7 37. Qa1 a5 38. Qd4 Qc5 39. Qf6 Nf5 40. Bxd5
Bxd5 41. Qd8+ Kg7 42. Qxd5 Qb4 43. Qe5+ Kg8 44. h5 Ne7 45. hxg6 Nxg6 46. Qe8+
Nf8 47. Qc6 h5 48. Kg2 h4 49. gxh4 Qe7 50. Qxb6 Qxh4 51. Qxa5 Qg4+ 52. Kh2 Qh4+
53. Nh3 Ng6 54. Qb5 Qf6 55. Qe8+ Kg7 56. Qe4 Ne5 57. f4 Ng4+ 58. Kg3 1-0

[Event "SRB Team Chmp 2008"]
[Site "Subotica"]
[Date "2008.09.12"]
[Round "11.3"]
[White "Svetushkin, Dmitry"]
[Black "Halkias, Stelios"]
[Result "1-0"]
[WhiteElo "2587"]
[BlackElo "2579"]
[PlyCount "99"]
[EventDate "2008.09.01"]

1. d4 Nf6 2. c4 e6 3. Nf3 d5 4. Nc3 Nbd7 5. Bf4 Bb4 6. cxd5 exd5 7. e3 c5 8.
Bd3 Qa5 9. O-O c4 10. Bc2 Bxc3 11. bxc3 O-O 12. Bd6 Re8 13. a4 Ne4 14. Bb4 Qc7
15. a5 Re6 16. Nd2 Rh6 17. f4 Nxd2 18. Qxd2 Nf6 19. h3 Bd7 20. f5 Re8 21. Rf4
Nh5 22. Rf3 Ng3 23. Qf2 Ne4 24. Bxe4 Rxe4 25. f6 Rg6 26. Rf1 Be6 27. fxg7 Rxg7
28. Kh1 h5 29. Re1 h4 30. Rf4 Rg3 31. Rxe4 dxe4 32. Qf1 Rg6 33. Re2 a6 34. Rd2
Qg3 35. Re2 f5 36. Be7 Kf7 37. Bd8 Rg8 38. Bb6 Kg6 39. Rf2 Rf8 40. Rf4 Bd5 41.
Qe2 Rh8 42. Bc7 Qg5 43. Be5 Rh7 44. Rf1 Rd7 45. Rb1 Qd8 46. Rb6+ Bc6 47. Qxc4
Rd5 48. Qb3 Qd7 49. Bf4 Rb5 50. Qa2 1-0

[Event "SRB Team Chmp 2008"]
[Site "Subotica"]
[Date "2008.09.12"]
[Round "11.3"]
[White "Djuric, Stefan"]
[Black "Brenjo, Slavisa"]
[Result "1/2-1/2"]
[WhiteElo "2462"]
[BlackElo "2486"]
[PlyCount "70"]
[EventDate "2008.09.01"]

1. d4 Nf6 2. Nf3 g6 3. g3 Bg7 4. Bg2 O-O 5. O-O d6 6. Re1 Nbd7 7. e4 e5 8. d5
Nc5 9. Nc3 a5 10. a4 c6 11. h3 Bd7 12. Nd2 cxd5 13. exd5 Rc8 14. Nb3 Nxb3 15.
cxb3 Ne8 16. Be3 f5 17. f4 exf4 18. gxf4 Nf6 19. Qd2 Ne4 20. Nxe4 fxe4 21. Rac1
Qh4 22. Rxc8 Bxc8 23. Bf2 Qxf4 24. Qxf4 Rxf4 25. Bg3 Bd4+ 26. Kh2 Rf6 27. Rxe4
Bc5 28. Be1 Bf5 29. Re8+ Rf8 30. Re7 Rf7 31. Re8+ Rf8 32. Re7 Rf7 33. Re8+ Rf8
34. Re7 Rf7 35. Re8+ Rf8 1/2-1/2

[Event "SRB Team Chmp 2008"]
[Site "Subotica"]
[Date "2008.09.12"]
[Round "11.3"]
[White "Ostojic, Nikola"]
[Black "Tosic, Miroslav"]
[Result "0-1"]
[WhiteElo "2429"]
[BlackElo "2422"]
[PlyCount "48"]
[EventDate "2008.09.01"]

1. d4 Nf6 2. Bg5 c6 3. Bxf6 gxf6 4. e3 Qb6 5. Qc1 f5 6. Ne2 d6 7. c3 Nd7 8. Nd2
Nf6 9. Qc2 h5 10. Nf3 Bh6 11. Nf4 c5 12. dxc5 Qxc5 13. g3 e5 14. Nh3 Be6 15.
Nh4 Ne4 16. Bg2 d5 17. O-O O-O-O 18. Kh1 d4 19. exd4 exd4 20. Rad1 Qc4 21. Nf4
Bxf4 22. gxf4 d3 23. Qc1 d2 24. Qc2 Qe2 0-1

[Event "SRB Team Chmp 2008"]
[Site "Subotica"]
[Date "2008.09.12"]
[Round "11.3"]
[White "Kosanovic, Goran A"]
[Black "Benkovic, Petar"]
[Result "1/2-1/2"]
[WhiteElo "2393"]
[BlackElo "2479"]
[PlyCount "51"]
[EventDate "2008.09.01"]

1. e4 c5 2. Nc3 e6 3. f4 d5 4. Nf3 dxe4 5. Nxe4 Nc6 6. g3 Be7 7. Bg2 Nf6 8. d3
Nxe4 9. dxe4 Qxd1+ 10. Kxd1 b6 11. b3 Ba6 12. Bb2 Rd8+ 13. Kc1 O-O 14. Ne5 Bb7
15. Nxc6 Bxc6 16. Bc3 b5 17. a3 b4 18. Bb2 a5 19. axb4 axb4 20. Ra7 Rfe8 21.
Rd1 Rc8 22. Re1 Bb5 23. Rb7 Bc6 24. Ra7 Bb5 25. Rb7 Bc6 26. Ra7 1/2-1/2

[Event "SRB Team Chmp 2008"]
[Site "Subotica"]
[Date "2008.09.12"]
[Round "11.3"]
[White "Bakic, Rados"]
[Black "Skoko, Milan"]
[Result "1/2-1/2"]
[WhiteElo "2383"]
[BlackElo "2257"]
[PlyCount "75"]
[EventDate "2008.09.01"]

1. c4 f5 2. Nc3 Nf6 3. g3 g6 4. Bg2 Bg7 5. e3 e5 6. Nge2 Nc6 7. d3 d6 8. b3 O-O
9. O-O Be6 10. Ba3 a5 11. d4 exd4 12. Nxd4 Nxd4 13. exd4 Rb8 14. Qd2 b6 15.
Rae1 Bf7 16. Nb5 Be8 17. Re2 c5 18. Bb2 Bxb5 19. cxb5 Ne4 20. Bxe4 fxe4 21.
Rxe4 d5 22. Re6 c4 23. Rc6 cxb3 24. axb3 Rf3 25. Qd1 Rf6 26. Qe2 Rxc6 27. bxc6
Qd6 28. Rc1 Rc8 29. Qb5 Bh6 30. Rc2 Qe6 31. h4 Bf8 32. c7 Qe1+ 33. Kh2 Qe4 34.
Qc6 Bd6 35. Qxd6 Qxc2 36. Qe6+ Kg7 37. Qxc8 Qxf2+ 38. Kh1 1/2-1/2

[Event "SRB Team Chmp 2008"]
[Site "Subotica"]
[Date "2008.09.12"]
[Round "11.4"]
[White "Vuckovic, Bojan"]
[Black "Cabrilo, Goran"]
[Result "1/2-1/2"]
[WhiteElo "2563"]
[BlackElo "2484"]
[PlyCount "20"]
[EventDate "2008.09.01"]

1. e4 e5 2. Nf3 Nc6 3. Bc4 Bc5 4. c3 Nf6 5. d3 d6 6. Bb3 a6 7. Nbd2 O-O 8. O-O
Ba7 9. Re1 Ne7 10. Nf1 Ng6 1/2-1/2

[Event "SRB Team Chmp 2008"]
[Site "Subotica"]
[Date "2008.09.12"]
[Round "11.4"]
[White "Arsovic, Zoran"]
[Black "Perunovic, Milos"]
[Result "1/2-1/2"]
[WhiteElo "2475"]
[BlackElo "2589"]
[PlyCount "106"]
[EventDate "2008.09.01"]

1. Nf3 Nf6 2. c4 e6 3. g3 d5 4. b3 Be7 5. Bg2 O-O 6. O-O c5 7. Bb2 Nc6 8. e3
dxc4 9. bxc4 Rb8 10. Qe2 b6 11. Nc3 Bb7 12. Rad1 Qc7 13. Ne1 a6 14. d3 Na7 15.
a4 Bxg2 16. Nxg2 Rfd8 17. Ba1 Nc6 18. f4 Nb4 19. f5 Qc6 20. fxe6 fxe6 21. Nf4
e5 22. Nh5 Nxh5 23. Qxh5 Qg6 24. Qxg6 hxg6 25. e4 Rxd3 26. Nd5 Bf6 27. Rxd3
Nxd3 28. Rf3 Nc1 29. Nxf6+ gxf6 30. Rxf6 Ne2+ 31. Kf2 Nd4 32. Bxd4 exd4 33.
Rxg6+ Kf7 34. Rc6 b5 35. axb5 axb5 36. Rxc5 b4 37. Ke2 b3 38. Rf5+ Ke6 39. Rf1
b2 40. Rb1 Ke5 41. Kd3 Rb7 42. c5 Rb3+ 43. Kc2 Rc3+ 44. Kxb2 Rxc5 45. Rc1 Rb5+
46. Kc2 Kxe4 47. Re1+ Kf3 48. Kd3 Rb2 49. Rf1+ Kg2 50. Rf7 Kxh2 51. g4 Rg2 52.
Rh7+ Kg3 53. g5 Kf4 1/2-1/2

[Event "SRB Team Chmp 2008"]
[Site "Subotica"]
[Date "2008.09.12"]
[Round "11.4"]
[White "Savic, Miodrag R"]
[Black "Arsovic, Goran"]
[Result "1/2-1/2"]
[WhiteElo "2519"]
[BlackElo "2469"]
[PlyCount "71"]
[EventDate "2008.09.01"]

1. e4 c5 2. c3 d5 3. exd5 Qxd5 4. Nf3 Nf6 5. Be2 Nc6 6. O-O e6 7. Na3 Be7 8. d4
O-O 9. Nb5 Qd8 10. dxc5 Bxc5 11. Bf4 Nd5 12. Bg3 a6 13. Nbd4 Nxd4 14. Nxd4 Bd6
15. Bxd6 Qxd6 16. Bf3 Nf6 17. Re1 Re8 18. Nb3 Qc7 19. Qd4 Bd7 20. Qe5 Rac8 21.
Rad1 Bc6 22. Qxc7 Rxc7 23. Bxc6 Rxc6 24. Na5 Rc7 25. Rd6 Kf8 26. Kf1 Ke7 27.
Rd4 Rec8 28. Red1 b6 29. Nb3 Nd5 30. Re1 Nf6 31. Ke2 b5 32. Kd3 Nd7 33. Kc2 Nb6
34. Na5 Rd8 35. Rh4 h6 36. a3 1/2-1/2

[Event "SRB Team Chmp 2008"]
[Site "Subotica"]
[Date "2008.09.12"]
[Round "11.4"]
[White "Vratonjic, Slobo"]
[Black "Jeremic, Veljko"]
[Result "1/2-1/2"]
[WhiteElo "2407"]
[BlackElo "2503"]
[PlyCount "32"]
[EventDate "2008.09.01"]

1. e4 e6 2. d4 d5 3. Nc3 Nf6 4. Bg5 dxe4 5. Nxe4 Nbd7 6. Nf3 h6 7. Nxf6+ Nxf6
8. Bh4 c5 9. Bxf6 gxf6 10. Bb5+ Bd7 11. Bxd7+ Qxd7 12. Qe2 Bg7 13. O-O-O O-O
14. d5 exd5 15. Nh4 Qa4 16. Qh5 Rfe8 1/2-1/2

[Event "SRB Team Chmp 2008"]
[Site "Subotica"]
[Date "2008.09.12"]
[Round "11.5"]
[White "Ivanisevic, Ivan"]
[Black "Khenkin, Igor"]
[Result "1-0"]
[WhiteElo "2664"]
[BlackElo "2655"]
[PlyCount "87"]
[EventDate "2008.09.01"]

1. d4 d5 2. c4 e5 3. dxe5 d4 4. Nf3 Nc6 5. Nbd2 Be6 6. a3 Nge7 7. Nb3 Bxc4 8.
Nbxd4 Qd5 9. Qc2 Nxd4 10. Nxd4 Qxd4 11. e3 Qxe5 12. Bxc4 Ng6 13. Bd2 Bd6 14.
Bc3 Qg5 15. Bxg7 Rg8 16. Qe4+ Ne5 17. Qxb7 Ke7 18. Bxe5 Qxe5 19. g3 Rab8 20.
Qf3 Rg7 21. O-O Qxb2 22. Qe4+ Qe5 23. Qxe5+ Bxe5 24. Rad1 Bd6 25. Rd5 Bxa3 26.
Ra1 Bd6 27. Rxa7 Rg6 28. Ra2 h6 29. Kg2 Rg5 30. Rd4 Rb4 31. Re4+ Kf6 32. Rc2
Ra5 33. f4 Ra1 34. Re8 Rab1 35. e4 R4b2 36. Rxb2 Rxb2+ 37. Kf3 Bc5 38. Re5 Bd4
39. Rf5+ Kg6 40. Bxf7+ Kg7 41. h4 Rc2 42. Bd5 c6 43. Be6 c5 44. Kg4 1-0

[Event "SRB Team Chmp 2008"]
[Site "Subotica"]
[Date "2008.09.12"]
[Round "11.5"]
[White "Iordachescu, Viorel"]
[Black "Marinkovic, Slavisa"]
[Result "1/2-1/2"]
[WhiteElo "2579"]
[BlackElo "2380"]
[PlyCount "42"]
[EventDate "2008.09.01"]

1. e4 e6 2. d4 d5 3. Nc3 Nf6 4. Bg5 dxe4 5. Nxe4 Nbd7 6. Nf3 h6 7. Nxf6+ Nxf6
8. Be3 Nd5 9. Bd3 Bd6 10. Bd2 c5 11. dxc5 Bxc5 12. Qe2 O-O 13. O-O-O Qc7 14.
Ne5 Ne3 15. Bxe3 Qxe5 16. Bxc5 Qxc5 17. f4 Bd7 18. g4 Bc6 19. Rhg1 Rfd8 20. g5
hxg5 21. fxg5 Rd5 1/2-1/2

[Event "SRB Team Chmp 2008"]
[Site "Subotica"]
[Date "2008.09.12"]
[Round "11.5"]
[White "Certic, Branimir"]
[Black "Stojanovic, Mihajlo"]
[Result "1/2-1/2"]
[WhiteElo "2392"]
[BlackElo "2552"]
[PlyCount "39"]
[EventDate "2008.09.01"]

1. Nf3 d5 2. c3 Nf6 3. d3 Nbd7 4. Qc2 e5 5. e4 Bd6 6. Be2 b6 7. Bg5 Bb7 8. Nbd2
h6 9. Bh4 O-O 10. O-O Re8 11. Rad1 c6 12. Bg3 Nh5 13. d4 Nxg3 14. hxg3 exd4 15.
Nxd4 Nf6 16. Nf5 Bf8 17. Bf3 g6 18. Ne3 Qc7 19. exd5 cxd5 20. Nb3 1/2-1/2

[Event "SRB Team Chmp 2008"]
[Site "Subotica"]
[Date "2008.09.12"]
[Round "11.5"]
[White "Pavlovic, Milos M"]
[Black "Jovic, Aleksandar"]
[Result "1-0"]
[WhiteElo "2537"]
[BlackElo "2381"]
[PlyCount "51"]
[EventDate "2008.09.01"]

1. d4 e6 2. c4 Nf6 3. g3 Bb4+ 4. Nd2 d5 5. Bg2 O-O 6. Ngf3 c5 7. cxd5 cxd4 8.
Nxd4 Nxd5 9. O-O Nf4 10. gxf4 Qxd4 11. Nb3 Qb6 12. Be3 Qb5 13. Nd4 Qa5 14. a3
Be7 15. Qb3 Nd7 16. Qb5 Qd8 17. Rfd1 a6 18. Qb3 Qa5 19. Nxe6 Re8 20. Rd5 b5 21.
Rg5 Bf6 22. Nxg7 Rxe3 23. Qxe3 Bxg5 24. fxg5 Rb8 25. Nf5 Bb7 26. Qd4 1-0

[Event "SRB Team Chmp 2008"]
[Site "Subotica"]
[Date "2008.09.12"]
[Round "11.5"]
[White "Jovanovic, Zoran Z"]
[Black "Lajthajm, Borko"]
[Result "1/2-1/2"]
[WhiteElo "2334"]
[BlackElo "2513"]
[PlyCount "61"]
[EventDate "2008.09.01"]

1. d4 d5 2. c4 c6 3. cxd5 cxd5 4. Nc3 Nf6 5. Bf4 a6 6. Rc1 Nc6 7. e3 g6 8. h3
Bg7 9. Nf3 O-O 10. Bd3 Be6 11. O-O Rc8 12. Ne5 Nxe5 13. Bxe5 Qd7 14. Qa4 Rc6
15. Qd1 Rfc8 16. Qf3 Bf5 17. Bxf5 Qxf5 18. Qxf5 gxf5 19. Bxf6 Bxf6 20. f4 e6
21. a3 h5 22. Na2 Rc2 23. Rxc2 Rxc2 24. Rf2 Rc6 25. Rd2 Be7 26. Kf2 b5 27. Ke2
a5 28. Kd3 b4 29. axb4 axb4 30. Rc2 Ra6 31. Nc1 1/2-1/2

[Event "SRB Team Chmp 2008"]
[Site "Subotica"]
[Date "2008.09.12"]
[Round "11.6"]
[White "Marjanovic, Slavoljub"]
[Black "Blagojevic, Dragisa"]
[Result "1/2-1/2"]
[WhiteElo "2479"]
[BlackElo "2519"]
[PlyCount "24"]
[EventDate "2008.09.01"]

1. e4 e5 2. Nf3 Nc6 3. Bb5 a6 4. Ba4 Nf6 5. O-O Be7 6. Re1 b5 7. Bb3 d6 8. c3
O-O 9. d4 Bg4 10. Be3 exd4 11. cxd4 d5 12. e5 Ne4 1/2-1/2